[Event "Pardubice Jihlavanka op"]
[Site "Pardubice"]
[Date "2007.07.28"]
[Round "9"]
[White "Skuja, Aivars"]
[Black "Potkin, Alexey V"]
[Result "1/2-1/2"]
[WhiteElo "2190"]
[BlackElo "2291"]
[PlyCount "85"]
[EventDate "2007.07.20"]
[EventType "swiss"]
[EventRounds "9"]
[EventCountry "CZE"]
[SourceTitle "EXT 2009"]
[Source "ChessBase"]
[SourceDate "2008.11.26"]
[SourceVersion "1"]
[SourceVersionDate "2008.11.26"]
[SourceQuality "1"]

1. e4 e6 2. d4 d5 3. Nd2 a6 4. exd5 exd5 5. Bd3 c5 6. dxc5 Bxc5 7. Ngf3 Nf6 8. Nb3 Be7 9. h3 0-0 10. 0-0 Ne4 11. Nbd4 Bf6 12. c3 Nd7 13. Bf4 Re8 14. Re1 Ndc5 15. Qc2 Bd7 16. Rad1 Ba4 17. b3 Bd7 18. c4 Nxd3 19. Qxd3 dxc4 20. Qxc4 Rc8 21. Qd3 Nc3 22. Rxe8+ Bxe8 23. Rd2 Nb5 24. Qe4 Qe7 25. Qxe7 Bxe7 26. Nxb5 Bxb5 27. Bd6 Bf6 28. Nd4 Bd7 29. Kf1 h5 30. Ke2 Re8+ 31. Kd1 Re4 32. Bc5 g6 33. Kc2 Kg7 34. Kd3 Re1 35. f3 Bg5 36. Re2 Rc1 37. Be7 Bf4 38. Ba3 Rd1+ 39. Kc4 Bg5 40. Be7 Bf4 41. Bb4 Bg5 42. Be7 Bf4 43. Ba3 1/2-1/2

[Event "Pardubice Jihlavanka op"]
[Site "Pardubice"]
[Date "2007.07.27"]
[Round "8"]
[White "Potkin, Alexey V"]
[Black "Siebarth, Raiko"]
[Result "1-0"]
[WhiteElo "2291"]
[BlackElo "2182"]
[PlyCount "131"]
[EventDate "2007.07.20"]
[EventType "swiss"]
[EventRounds "9"]
[EventCountry "CZE"]
[SourceTitle "EXT 2009"]
[Source "ChessBase"]
[SourceDate "2008.11.26"]
[SourceVersion "1"]
[SourceVersionDate "2008.11.26"]
[SourceQuality "1"]

1. e4 c6 2. d4 d5 3. exd5 cxd5 4. c4 Nf6 5. Nc3 e6 6. Nf3 Be7 7. cxd5 Nxd5 8. Bd3 Nc6 9. 0-0 Bf6 10. Be4 0-0 11. Qd3 g6 12. Bh6 Bg7 13. Bxg7 Kxg7 14. Bxd5 exd5 15. Rfe1 Be6 16. Ne5 Qb6 17. Nxc6 bxc6 18. Qd2 Qa5 19. h4 h5 20. Re5 Rae8 21. Ne4 Qxd2 22. Nxd2 Rb8 23. Nb3 a5 24. Re2 a4 25. Nc5 Rb4 26. Rd1 Bf5 27. f3 Rc4 28. Kf2 Rb8 29. Rdd2 Rbb4 30. Ke3 Kf6 31. a3 Rb5 32. Na6 Rb3+ 33. Kf2 Rb7 34. Re8 Rb6 35. Ra8 Kg7 36. Nb4 Rbxb4 37. axb4 Rxb4 38. Ra6 Rc4 39. Ra5 Rb4 40. Ke3 Kf6 41. Rc5 Bd7 42. Kd3 Bf5+ 43. Ke2 Rb6 44. Kd1 Ke6 45. Rc3 Kd6 46. Ke2 Rb8 47. Ke3 Bd7 48. Kf4 f6 49. Rc5 Ra8 50. Rc3 Rb8 51. Ke3 Re8+ 52. Kf2 Rb8 53. Kg3 Rb4 54. Rc5 g5 55. Ra5 g4 56. Ra8 gxf3 57. gxf3 Rc4 58. Rh8 a3 59. bxa3 Rc3 60. Rxh5 Rxa3 61. Rh6 Ke6 62. Kf4 Bc8 63. Re2+ Kf7 64. Rh7+ Kg6 65. Rc7 Ba6 66. Rg2+ 1-0

[Event "Pardubice Jihlavanka op"]
[Site "Pardubice"]
[Date "2007.07.25"]
[Round "6"]
[White "Potkin, Alexey V"]
[Black "Mitrovic, Boris"]
[Result "1-0"]
[WhiteElo "2291"]
[BlackElo "2127"]
[PlyCount "139"]
[EventDate "2007.07.20"]
[EventType "swiss"]
[EventRounds "9"]
[EventCountry "CZE"]
[SourceTitle "EXT 2009"]
[Source "ChessBase"]
[SourceDate "2008.11.26"]
[SourceVersion "1"]
[SourceVersionDate "2008.11.26"]
[SourceQuality "1"]

1. e4 d6 2. d4 Nf6 3. Nc3 g6 4. Nf3 Bg7 5. Be2 0-0 6. 0-0 Bg4 7. Be3 Nc6 8. h3 Bxf3 9. Bxf3 e5 10. dxe5 dxe5 11. Ne2 Qxd1 12. Rfxd1 Rfd8 13. c3 Rxd1+ 14. Rxd1 Rd8 15. Rxd8+ Nxd8 16. b4 a6 17. Nc1 Kf8 18. a4 Ke8 19. Nd3 Nd7 20. Bd1 b5 21. Kf1 Nb7 22. f3 Nb6 23. axb5 axb5 24. Bb3 Nd6 25. Nc5 Nbc4 26. Bc1 c6 27. Ke2 Ke7 28. Kd3 Bf6 29. g3 h5 30. h4 Ke8 31. Bd1 Ke7 32. Be2 Nb6 33. Bf1 Nd7 34. Nb3 Nc4 35. Bh3 Kd6 36. Bh6 Nb2+ 37. Kc2 Nc4 38. Nc1 Bd8 39. Kd3 Nb2+ 40. Ke2 Nb6 41. Nd3 N2a4 42. Bd2 Nc4 43. Be1 c5 44. bxc5+ Nxc5 45. Nxc5 Kxc5 46. Bd7 Nd6 47. Kd3 Kb6 48. Bf2+ Kc7 49. Bh3 Kc6 50. Bf1 f5 51. Be2 fxe4+ 52. fxe4 Ne8 53. Bd1 Bb6 54. Be1 Bg1 55. Bb3 Nd6 56. Be6 Bc5 57. Bg8 Nc8 58. Bf7 Ne7 59. Ke2 Ba3 60. Bd2 Kd6 61. Bg5 b4 62. cxb4 Bxb4 63. Bxe7+ Kxe7 64. Bxg6 Kf6 65. Bxh5 Kg7 66. Kf3 Be1 67. Kg4 Kh6 68. Be8 Bf2 69. Kh3 Be1 70. g4 1-0

[Event "Pardubice Telecom op"]
[Site "Pardubice"]
[Date "2001.07.22"]
[Round "3"]
[White "Wlodarczyk, Oskar"]
[Black "Potkin, Alexey V"]
[Result "0-1"]
[WhiteElo "2119"]
[BlackElo "2294"]
[PlyCount "80"]
[EventDate "2001.07.20"]
[EventType "swiss"]
[EventRounds "9"]
[EventCountry "CZE"]
[SourceTitle "EXT 2002"]
[Source "ChessBase"]
[SourceDate "2001.11.25"]
[SourceVersion "1"]
[SourceVersionDate "2001.11.25"]
[SourceQuality "1"]

1. e4 e6 2. d4 d5 3. Nc3 Bb4 4. e5 Ne7 5. a3 Bxc3+ 6. bxc3 b6 7. Nf3 h6 8. Bd3 Ba6 9. Bxa6 Nxa6 10. Qe2 Nb8 11. h4 Nbc6 12. h5 Na5 13. g4 Qd7 14. a4 0-0-0 15. Ba3 Kb7 16. Bb4 Nec6 17. Nd2 f6 18. Rb1 fxe5 19. dxe5 Qf7 20. Rh3 Qf4 21. Bxa5 Nxa5 22. Rb4 Qf7 23. Qb5 Nc6 24. Nb3 Qe8 25. Nc5+ Ka8 26. Na6 Rc8 27. Rf4 Nxe5 28. Re3 Nc4 29. Re2 c6 30. Qb4 Qd7 31. Qb3 e5 32. Rf5 Rhf8 33. a5 Rxf5 34. gxf5 Nxa5 35. Qa3 Nc4 36. Qa4 Qxf5 37. Nb4 Qxh5 38. f3 Qg6 39. Kf2 a5 40. Nd3 Qf6 0-1

[Event "Pardubice op-B"]
[Site "Pardubice"]
[Date "2000.??.??"]
[Round "3"]
[White "Potkin, Alexey V"]
[Black "Vyparina, Matej"]
[Result "1-0"]
[WhiteElo "2303"]
[BlackElo "2173"]
[PlyCount "62"]
[EventDate "2000.07.??"]
[EventType "swiss"]
[EventRounds "9"]
[EventCountry "CZE"]
[SourceTitle "EXT 2001"]
[Source "ChessBase"]
[SourceDate "2000.11.22"]
[SourceVersion "1"]
[SourceVersionDate "2000.11.22"]
[SourceQuality "1"]

1. e4 d5 2. exd5 Nf6 3. c4 e6 4. d4 exd5 5. Nf3 Bb4+ 6. Nc3 0-0 7. Be2 dxc4 8. Bxc4 Nbd7 9. 0-0 Nb6 10. Bb3 c6 11. Ne5 Nbd5 12. Qf3 Be6 13. Bg5 Be7 14. Rad1 Re8 15. Rfe1 h6 16. Bh4 Rc8 17. h3 Nh7 18. Bg3 Nhf6 19. Bc2 Qa5 20. Bb1 c5 21. Bh4 Nxc3 22. bxc3 Bxa2 23. Bxa2 Qxa2 24. Qxb7 cxd4 25. Nc6 Bd6 26. Bxf6 gxf6 27. Nxd4 Qd2 28. Ne2 Rxe2 29. Qxc8+ Kh7 30. Qf5+ Kh8 31. Qxf6+ Kg8 1-0

[Event "St Petersburg White Nights op"]
[Site "St Petersburg"]
[Date "1998.06.28"]
[Round "9"]
[White "Anisimov, Pavel"]
[Black "Potkin, Alexey V"]
[Result "1-0"]
[WhiteElo "2140"]
[BlackElo "2335"]
[PlyCount "91"]
[EventDate "1998.06.??"]
[EventType "swiss"]
[EventRounds "9"]
[EventCountry "RUS"]
[SourceTitle "EXT 1999"]
[Source "ChessBase"]
[SourceDate "1998.11.16"]
[SourceVersion "1"]
[SourceVersionDate "1998.11.16"]
[SourceQuality "1"]

1. e4 e6 2. d4 d5 3. Nd2 Nf6 4. e5 Nfd7 5. Bd3 c5 6. c3 b6 7. Ne2 Ba6 8. Nf3 Bxd3 9. Qxd3 Qc8 10. 0-0 Qa6 11. Ne1 Qxd3 12. Nxd3 Nc6 13. f4 g6 14. g4 c4 15. Ne1 f5 16. exf6 Nxf6 17. f5 gxf5 18. gxf5 e5 19. dxe5 Nxe5 20. Bf4 Bd6 21. Nd4 0-0-0 22. Bxe5 Bxe5 23. Nc6 Rde8 24. Nxa7+ Kb7 25. Nb5 Rhg8+ 26. Kh1 Bb8 27. Nd4 Ng4 28. Nef3 Re4 29. a4 Nxh2 30. Nxh2 Bxh2 31. Rae1 Be5 32. Rxe4 dxe4 33. Ne6 e3 34. Rf3 Rg3 35. Rxg3 Bxg3 36. Nd4 Kc7 37. Kg2 Be1 38. Kf3 Bd2 39. Nb5+ Kd7 40. Na3 Ke7 41. Nxc4 h5 42. Nxb6 Bc1 43. Nd5+ Kd7 44. b3 h4 45. Nxe3 h3 46. Ng4 1-0

[Event "St Petersburg White Nights op"]
[Site "St Petersburg"]
[Date "1998.06.26"]
[Round "7"]
[White "Kozin, Yuri"]
[Black "Potkin, Alexey V"]
[Result "0-1"]
[WhiteElo "2180"]
[BlackElo "2335"]
[PlyCount "116"]
[EventDate "1998.06.??"]
[EventType "swiss"]
[EventRounds "9"]
[EventCountry "RUS"]
[SourceTitle "EXT 1999"]
[Source "ChessBase"]
[SourceDate "1998.11.16"]
[SourceVersion "1"]
[SourceVersionDate "1998.11.16"]
[SourceQuality "1"]

1. e4 e6 2. d4 d5 3. Nd2 c5 4. exd5 exd5 5. Ngf3 Nf6 6. Bb5+ Bd7 7. Bxd7+ Nbxd7 8. 0-0 Be7 9. dxc5 Nxc5 10. Nd4 Qd7 11. N2f3 0-0 12. Ne5 Qc8 13. Qf3 Nce4 14. Nf5 Re8 15. c3 Bc5 16. Nd3 Bb6 17. Ng3 Qc4 18. Bf4 Re6 19. a3 Rae8 20. Rad1 Qb3 21. Nf5 Qa4 22. Be3 Bxe3 23. Nxe3 Nxf2 24. Nc5 Rxe3 25. Nxa4 Rxf3 26. gxf3 Nxd1 27. Rxd1 Re2 28. b3 Kf8 29. Nc5 b6 30. Nd3 Rc2 31. Rc1 Rd2 32. Nf4 g5 33. Ng2 Ke7 34. Ne3 Kd7 35. Nf5 Ng8 36. h4 gxh4 37. Nxh4 Ne7 38. Ng2 Rb2 39. b4 Ra2 40. Ne3 Rxa3 41. Kf2 a5 42. bxa5 bxa5 43. Ke2 Ra2+ 44. Kd3 Rf2 45. Kd4 Rxf3 46. Nxd5 Nxd5 47. Kxd5 Rf5+ 48. Ke4 Rf6 49. c4 a4 50. Rh1 h6 51. Ra1 Ra6 52. Ra3 h5 53. c5 Kc6 54. Kd4 h4 55. Kc4 Ra5 56. Kd4 f5 57. Ra1 a3 58. Ra2 Ra4+ 0-1

[Event "St Petersburg White Nights op"]
[Site "St Petersburg"]
[Date "1998.06.24"]
[Round "5"]
[White "Terekhov, Andrey"]
[Black "Potkin, Alexey V"]
[Result "1-0"]
[WhiteElo "2300"]
[BlackElo "2335"]
[PlyCount "99"]
[EventDate "1998.06.??"]
[EventType "swiss"]
[EventRounds "9"]
[EventCountry "RUS"]
[SourceTitle "EXT 1999"]
[Source "ChessBase"]
[SourceDate "1998.11.16"]
[SourceVersion "1"]
[SourceVersionDate "1998.11.16"]
[SourceQuality "1"]

1. d4 d5 2. c4 e6 3. Nc3 c5 4. cxd5 exd5 5. Nf3 Nc6 6. g3 Nf6 7. Bg2 Be7 8. 0-0 0-0 9. Bg5 cxd4 10. Nxd4 h6 11. Be3 Bg4 12. Qa4 Qd7 13. Rfd1 Bh3 14. Bh1 Rfd8 15. Rac1 a6 16. Nxc6 bxc6 17. Nb1 Rac8 18. Qa5 Ng4 19. Bb6 Re8 20. e4 Bg5 21. Rc3 Qe6 22. f3 Nf6 23. Re1 Nd7 24. Bf2 dxe4 25. f4 Bd8 26. Qxa6 Nf6 27. Nd2 Bf5 28. Qc4 Ng4 29. Bc5 e3 30. Qxe6 Bxe6 31. Nf3 Bf6 32. Ne5 Nxe5 33. fxe5 Bxe5 34. Rcxe3 Bxb2 35. R3e2 Bc3 36. Rc1 Ba5 37. Bf2 Bd7 38. Rec2 Re6 39. Rb2 Bd8 40. Bf3 f5 41. Rb7 Bg5 42. Rc2 Rd8 43. a4 Be8 44. a5 Ra8 45. Ra2 Be3 46. a6 Bxf2+ 47. Kxf2 Kf8 48. Re2 Rd6 49. a7 Rd7 50. Rxe8+ 1-0

[Event "Pardubice Czech op"]
[Site "Pardubice"]
[Date "1998.??.??"]
[Round "2"]
[White "Peschel, Andreas"]
[Black "Potkin, Alexey V"]
[Result "0-1"]
[WhiteElo "2175"]
[BlackElo "2325"]
[PlyCount "74"]
[EventDate "1998.07.??"]
[EventType "swiss"]
[EventRounds "9"]
[EventCountry "CZE"]
[SourceTitle "EXT 2000"]
[Source "ChessBase"]
[SourceDate "1999.11.16"]
[SourceVersion "1"]
[SourceVersionDate "1999.11.16"]
[SourceQuality "1"]

1. c4 e6 2. Nc3 d5 3. cxd5 exd5 4. d4 c5 5. Nf3 Nc6 6. g3 Nf6 7. Bg2 Be7 8. 0-0 0-0 9. Bg5 cxd4 10. Nxd4 h6 11. Be3 Bg4 12. Rc1 Qd7 13. Nxc6 bxc6 14. Na4 Rfe8 15. Re1 Bb4 16. Bd2 Bf8 17. Nc5 Qc8 18. Be3 Bh3 19. Bh1 Qf5 20. Nd3 Rac8 21. Bxa7 Ne4 22. Be3 c5 23. Nf4 d4 24. Bxe4 Rxe4 25. Bd2 Bd6 26. Nxh3 Qxh3 27. f4 Rce8 28. e3 f5 29. exd4 cxd4 30. Qb3+ Kh7 31. Qd3 Bxf4 32. Rxe4 fxe4 33. Qxd4 Bxg3 34. hxg3 Qxg3+ 35. Kh1 Re5 36. Qxe5 Qxe5 37. Bc3 Qh5+ 0-1

[Event "Pardubice Czech op"]
[Site "Pardubice"]
[Date "1998.??.??"]
[Round "4"]
[White "Polyakova, Natalia"]
[Black "Potkin, Alexey V"]
[Result "1/2-1/2"]
[WhiteElo "2190"]
[BlackElo "2325"]
[PlyCount "67"]
[EventDate "1998.07.??"]
[EventType "swiss"]
[EventRounds "9"]
[EventCountry "CZE"]
[SourceTitle "EXT 2000"]
[Source "ChessBase"]
[SourceDate "1999.11.16"]
[SourceVersion "1"]
[SourceVersionDate "1999.11.16"]
[SourceQuality "1"]

1. Nf3 d5 2. d4 c5 3. Bf4 e6 4. e3 Nc6 5. Be2 Bd6 6. Bxd6 Qxd6 7. Nbd2 Nf6 8. 0-0 0-0 9. dxc5 Qxc5 10. c4 Qe7 11. Rc1 Rd8 12. a3 e5 13. cxd5 Nxd5 14. Qc2 Bg4 15. Bb5 Rac8 16. Qa4 Bd7 17. Bxc6 Bxc6 18. Qxa7 Qe6 19. Nc4 f6 20. Nb6 Nxb6 21. Qxb6 Qg4 22. Ne1 Rd2 23. f3 Qd7 24. e4 Rd8 25. Rf2 h6 26. h3 Kh8 27. Nc2 Rd1+ 28. Rxd1 Qxd1+ 29. Kh2 Rd7 30. Nb4 Qc1 31. Nd5 Bxd5 32. exd5 Rxd5 33. Qe6 Rd1 34. Qf5 1/2-1/2

[Event "Centrocoop Sept op-A"]
[Site "Eforie Nord"]
[Date "1998.??.??"]
[Round "?"]
[White "Potkin, Alexey V"]
[Black "Puskas, Janos"]
[Result "1-0"]
[WhiteElo "2325"]
[BlackElo "2100"]
[PlyCount "127"]
[EventDate "1998.09.??"]
[EventType "swiss"]
[EventRounds "11"]
[EventCountry "ROU"]
[SourceTitle "EXT 2000"]
[Source "ChessBase"]
[SourceDate "1999.11.16"]
[SourceVersion "1"]
[SourceVersionDate "1999.11.16"]
[SourceQuality "1"]

1. e4 d6 2. d4 g6 3. Nc3 Bg7 4. Nf3 a6 5. Be2 b5 6. 0-0 Bb7 7. a3 Nd7 8. Re1 c5 9. Be3 cxd4 10. Bxd4 Ngf6 11. e5 dxe5 12. Nxe5 Nxe5 13. Bxe5 0-0 14. Qxd8 Rfxd8 15. Rad1 Rac8 16. Bd3 Rd7 17. f3 Rcd8 18. Bf1 Rxd1 19. Rxd1 Rxd1 20. Nxd1 Nd7 21. Bxg7 Kxg7 22. Kf2 e5 23. Ke3 Nb6 24. b3 f5 25. Nb2 Kf6 26. Nd3 Nd5+ 27. Kd2 f4 28. Nc5 Ne3 29. Bxb5 Bxf3 30. gxf3 axb5 31. Ne4+ Ke7 32. Nc3 g5 33. h3 b4 34. axb4 h5 35. Ne4 g4 36. fxg4 hxg4 37. hxg4 Nxg4 38. b5 Kd7 39. c4 Ne3 40. Kd3 Nf5 41. c5 Kc7 42. b4 Kd7 43. Nf6+ Kc8 44. Ng4 Nd4 45. Nxe5 Nxb5 46. Kc4 Na3+ 47. Kd5 Nb5 48. Nd3 f3 49. Ke4 Kc7 50. Kxf3 Kc6 51. Ke4 Nc7 52. Ke5 Nb5 53. Nf4 Nc7 54. Ne6 Na6 55. Nd4+ Kc7 56. Nc2 Kc6 57. Kd4 Nc7 58. Kc4 Kb7 59. b5 Ne6 60. Nd4 Nc7 61. b6 Na6 62. Kb5 Nb8 63. c6+ Kc8 64. Ne6 1-0

[Event "Pardubice Czech op"]
[Site "Pardubice"]
[Date "1998.??.??"]
[Round "5"]
[White "Potkin, Alexey V"]
[Black "Sikorova, Olga"]
[Result "1-0"]
[WhiteElo "2325"]
[BlackElo "2205"]
[PlyCount "81"]
[EventDate "1998.07.??"]
[EventType "swiss"]
[EventRounds "9"]
[EventCountry "CZE"]
[SourceTitle "EXT 2000"]
[Source "ChessBase"]
[SourceDate "1999.11.16"]
[SourceVersion "1"]
[SourceVersionDate "1999.11.16"]
[SourceQuality "1"]

1. e4 d5 2. exd5 Nf6 3. Bb5+ Bd7 4. Be2 Nxd5 5. d4 Bf5 6. Nf3 e6 7. 0-0 Nc6 8. a3 Be7 9. c4 Nb6 10. Nc3 0-0 11. h3 a5 12. Be3 Qd7 13. b3 Rfd8 14. Ra2 Qe8 15. Qc1 Rd7 16. Rd1 Rad8 17. Rad2 Qf8 18. Nb5 Be4 19. Bf4 Na8 20. Qb2 Bf6 21. Be3 Ne7 22. Ne5 Bxe5 23. dxe5 Rxd2 24. Bxd2 b6 25. Bg5 Rxd1+ 26. Bxd1 Ng6 27. Qd4 Bb7 28. Bc2 h6 29. Be3 Qe7 30. Kh2 c6 31. Nd6 c5 32. Qc3 Bc6 33. Qd3 Nf8 34. f4 Qd7 35. f5 exf5 36. Nxf5 Qe6 37. Qd6 Qxd6 38. exd6 Ng6 39. h4 h5 40. Be4 Bd7 41. Ng3 1-0

[Event "Moscow"]
[Site "Moscow"]
[Date "1997.??.??"]
[Round "2"]
[White "Annakov, Babakuli"]
[Black "Potkin, Alexey V"]
[Result "1/2-1/2"]
[WhiteElo "2365"]
[BlackElo "2325"]
[PlyCount "26"]
[EventDate "1997.??.??"]
[EventType "tourn"]
[EventRounds "11"]
[EventCountry "RUS"]
[SourceTitle "EXT 2000"]
[Source "ChessBase"]
[SourceDate "1999.11.16"]
[SourceVersion "1"]
[SourceVersionDate "1999.11.16"]
[SourceQuality "1"]

1. d4 d5 2. c4 e6 3. Nf3 c5 4. cxd5 exd5 5. Bg5 Be7 6. Bxe7 Nxe7 7. dxc5 Na6 8. Nc3 Nxc5 9. Rc1 0-0 10. e3 Be6 11. Be2 Qb6 12. b3 Rac8 13. 0-0 Ne4 1/2-1/2

[Event "Heart of Finland op 07th"]
[Site "Jyvaskyla"]
[Date "1997.??.??"]
[Round "9"]
[White "Potkin, Alexey V"]
[Black "Tolonen, Leo Toivovich"]
[Result "1-0"]
[WhiteElo "2325"]
[BlackElo "2330"]
[PlyCount "80"]
[EventDate "1997.07.??"]
[EventType "swiss"]
[EventRounds "9"]
[EventCountry "FIN"]
[SourceTitle "EXT 1999"]
[Source "ChessBase"]
[SourceDate "1998.11.16"]
[SourceVersion "1"]
[SourceVersionDate "1998.11.16"]
[SourceQuality "1"]

1. e4 d5 2. exd5 Qxd5 3. Nc3 Qa5 4. d4 c6 5. Nf3 Bg4 6. h3 Bxf3 7. Qxf3 e6 8. Bd2 Nd7 9. Bc4 Qb6 10. 0-0-0 Ngf6 11. Rhe1 Be7 12. g4 h6 13. Bb3 0-0-0 14. h4 g5 15. hxg5 hxg5 16. Bxg5 Rhg8 17. Be3 Qa5 18. Rg1 Rg7 19. Bh6 Rh7 20. Bd2 Qb6 21. Be3 Nd5 22. Nxd5 cxd5 23. c3 Rf8 24. Rh1 Rxh1 25. Rxh1 Qd8 26. Kb1 Bg5 27. c4 Bxe3 28. fxe3 dxc4 29. Bxc4 Nb6 30. Bb3 Re8 31. Rh7 Qe7 32. a3 Nd7 33. Qg3 e5 34. g5 Qd6 35. Ba2 Kc7 36. Rh1 Kb8 37. Rf1 f5 38. g6 f4 39. exf4 exf4 40. Qg4 Nf6 1-0

[Event "Moscow"]
[Site "Moscow"]
[Date "1997.??.??"]
[Round "1"]
[White "Potkin, Alexey V"]
[Black "Zhidkov, Valery S"]
[Result "1/2-1/2"]
[WhiteElo "2325"]
[BlackElo "2335"]
[PlyCount "27"]
[EventDate "1997.??.??"]
[EventType "tourn"]
[EventRounds "11"]
[EventCountry "RUS"]
[SourceTitle "EXT 2000"]
[Source "ChessBase"]
[SourceDate "1999.11.16"]
[SourceVersion "1"]
[SourceVersionDate "1999.11.16"]
[SourceQuality "1"]

1. e4 e5 2. Nf3 Nc6 3. Nc3 g6 4. d4 exd4 5. Nxd4 Bg7 6. Be3 d6 7. Qd2 Nf6 8. 0-0-0 Ng4 9. Bg5 Qd7 10. Nxc6 bxc6 11. f3 h6 12. Bf4 Ne5 13. Be3 Qe6 14. Bd4 1/2-1/2

[Event "Moscow"]
[Site "Moscow"]
[Date "1997.??.??"]
[Round "6"]
[White "Potkin, Vladimir"]
[Black "Potkin, Alexey V"]
[Result "1/2-1/2"]
[WhiteElo "2310"]
[BlackElo "2325"]
[PlyCount "49"]
[EventDate "1997.??.??"]
[EventType "tourn"]
[EventRounds "11"]
[EventCountry "RUS"]
[SourceTitle "EXT 2000"]
[Source "ChessBase"]
[SourceDate "1999.11.16"]
[SourceVersion "1"]
[SourceVersionDate "1999.11.16"]
[SourceQuality "1"]

1. Nf3 c5 2. e4 e6 3. d3 Nc6 4. g3 g6 5. Bg2 Bg7 6. 0-0 Nge7 7. Nbd2 0-0 8. Re1 d6 9. h4 b6 10. Nf1 Bb7 11. N1h2 a5 12. a4 Nd4 13. Nxd4 cxd4 14. Ng4 Rc8 15. Bh6 Bxh6 16. Nxh6+ Kg7 17. Qd2 Ng8 18. Nxg8 Rxg8 19. Re2 Qd7 20. Bh3 Bc6 21. b3 Qe7 22. Qf4 e5 23. Qd2 Bd7 24. Bxd7 Qxd7 25. Rf1 1/2-1/2